Countries Without the Letters in "DJIBOUTI" - Statistics

General Stats
  • This quiz has been taken 12 times
    3 since last reset
  • The average score is 4 of 11
Answer Stats
Continents Countries % Correct
Asia Yemen
100%
Europe Germany
67%
Asia Nepal
67%
North America Panama
67%
Europe France
33%
Africa Ghana
33%
Europe Greece
33%
Africa Seychelles
33%
Africa Kenya
0%
Asia Myanmar
0%
Africa Senegal
0%
No matching quizzes found
Score Distribution
Percent of People with Each Score
Percentile by Number Answered
Your Score History
You have not taken this quiz since the last reset